Câu chuyện khoa học

Sách gồm 3 phần: Chuyện khám phá trong khoa học, chuyện con số và chuyện nhà khoa học.

সংরক্ষণ করুন:
গ্রন্থ-পঞ্জীর বিবরন
প্রধান লেখক: Nguyễn, Văn Tuấn
বিন্যাস: গ্রন্থ
ভাষা:Undetermined
প্রকাশিত: Thành phố Hồ Chí Minh Tổng hợp Thành phố Hồ Chí Minh 2016
বিষয়গুলি:
ট্যাগগুলো: ট্যাগ যুক্ত করুন
কোনো ট্যাগ নেই, প্রথমজন হিসাবে ট্যাগ করুন!
Thư viện lưu trữ: Trung tâm Học liệu Trường Đại học Cần Thơ
LEADER 00714nam a2200205Ia 4500
001 CTU_222951
008 210402s9999 xx 000 0 und d
020 |c 105000 
082 |a 500 
082 |b T502 
100 |a Nguyễn, Văn Tuấn 
245 0 |a Câu chuyện khoa học 
245 0 |c Nguyễn Văn Tuấn 
260 |a Thành phố Hồ Chí Minh 
260 |b Tổng hợp Thành phố Hồ Chí Minh 
260 |c 2016 
520 |a Sách gồm 3 phần: Chuyện khám phá trong khoa học, chuyện con số và chuyện nhà khoa học. 
650 |a Science,Khoa học 
904 |i Hải 
980 |a Trung tâm Học liệu Trường Đại học Cần Thơ